Wszystkie Kluby Z TOP 5 lig (sezon 2020/21) - Statystyki

Ogólne statystyki
  • Ten quiz został rozwiązany 71 razy
  • Średni wynik to 33 z 98
Statystyki odpowiedzi
Liga Klub % Poprawnych
La Liga Santander Real Madryt
72%
Serie A Juventus
70%
Ligue 1 Paris Saint Germain
69%
Bundesliga Bayer
67%
La Liga Santander FC Barcelona
67%
Premier League Manchester City
66%
Premier League Arsenal
64%
La Liga Santander Atletico
64%
Premier League Manchester United
64%
Bundesliga Borussia Dortmund
62%
Serie A Inter
62%
Ligue 1 AS Monaco
61%
Bundesliga Bayern
59%
Premier League Chelsea
59%
Serie A AC Milan
57%
Premier League Liverpool
56%
Serie A AS Roma
54%
Premier League Tottenham
54%
Premier League Everton
52%
La Liga Santander Valencia
52%
La Liga Santander Athletic
49%
La Liga Santander Real Sociedad
49%
La Liga Santander Sevilla
49%
Premier League Southampton
49%
Premier League West Ham
49%
Ligue 1 Olympique Marsylia
48%
La Liga Santander Real Betis
48%
Premier League Brighton
46%
Serie A Lazio
46%
Ligue 1 Olympique Lyon
46%
Premier League Fulham
44%
Serie A SSC Napoli
44%
Premier League Leicester
43%
Bundesliga RB Lipsk
43%
Bundesliga Schalke
43%
Bundesliga Hertha
41%
Premier League Aston Villa
39%
Serie A Atalanta
38%
La Liga Santander Villarreal
38%
Bundesliga Borussia Monchengladbach
36%
Premier League Burnley
36%
Premier League Crystal Palace
36%
Premier League Leeds
36%
Premier League Wolverhampton
36%
Serie A Genoa
34%
Premier League Newcastle
33%
Serie A Torino
33%
Bundesliga Union Berlin
33%
Serie A Benevento
31%
La Liga Santander Getafe
30%
Serie A Sampdoria
30%
Bundesliga Eintracht
28%
Premier League Sheffield
28%
Premier League West Bromwich
28%
Serie A Bologna
26%
La Liga Santander Cadiz
26%
Bundesliga FC Koln
26%
Serie A Cagliari
25%
La Liga Santander Granada
25%
Serie A Udinese
25%
La Liga Santander Elche
23%
Ligue 1 Lens
23%
La Liga Santander Osasuna
23%
La Liga Santander Deportivo Alaves
21%
Ligue 1 OGC Nice
21%
Serie A Sassuolo
21%
Bundesliga Augsburg
20%
La Liga Santander Celta
20%
Serie A Hellas Verona
20%
Bundesliga Hoffenheim
20%
Ligue 1 LOSC Lille
20%
Bundesliga VFL Wolfsburg
20%
Bundesliga Werder Brema
20%
Ligue 1 Dijon
18%
La Liga Santander Eibar
18%
La Liga Santander Huesca
18%
La Liga Santander Levante
18%
Ligue 1 Montpellier
18%
Ligue 1 Nantes
18%
Bundesliga Arminia Bielefeld
16%
Ligue 1 Metz
16%
Bundesliga VFB Stuttgart
16%
Serie A Crotone
15%
Ligue 1 Angers
13%
Ligue 1 Stade Rennes
13%
Bundesliga FSV Mainz
11%
Ligue 1 Stade Reims
11%
Ligue 1 Nimes
10%
La Liga Santander Real Valladoid
10%
Serie A ACF Fiorentina
8%
Ligue 1 AS Saint Etienne
8%
Ligue 1 Brest
8%
Ligue 1 Girondis Bordeaux
8%
Serie A AC Parma
7%
Serie A La Spezia
7%
Ligue 1 Lorient
5%
Bundesliga SC Freiburg
3%
Ligue 1 RC Strasbourg
2%
Nie znaleziono quizów pasujących do podanych kryteriów
Rozkład punktacji
Procent ludzi z każdym wynikiem
Percentyl według liczby udzielonych odpowiedzi
Twoja historia wyników
Nie rozwiązałeś tego quizu